Фильмы о городах - Statistics

General Stats
  • This quiz has been taken 184 times
  • The average score is 10 of 24
Answer Stats
Год Фильм Город % Correct
1957 Летят журавли Москва
81%
1976 Таксист Нью-Йорк
79%
2019 Паразиты Сеул
77%
2001 Амели Париж
77%
1997 Брат Санкт-Петербург
72%
2003 Трудности перевода Токио
59%
1999 Ноттинг-Хилл Лондон
57%
1998 Такси Марсель
53%
1995 Казино Лас-Вегас
52%
1960 Сладкая жизнь Рим
52%
2001 Малхолланд Драйв Лос-Анджелес
51%
2008 Миллионер из трущоб Мумбаи
44%
1984 Амадей Вена
39%
2002 8 миля Детройт
35%
2006 В погоне за счастьем Сан-Франциско
32%
2002 Город Бога Рио-де-Жанейро
30%
1995 Падшие ангелы Гонконг
24%
1983 Лицо со шрамом Майами
24%
2018 Безумно богатые азиаты Сингапур
23%
2013 Географ глобус пропил Пермь
15%
2010 Город воров Бостон
15%
2009 Район №9 Йоханнесбург
14%
2002 Круглосуточные тусовщики Манчестер
13%
2009 Сказка про темноту Владивосток
10%
No matching quizzes found
Score Distribution
Percent of People with Each Score
Percentile by Number Answered
Your Score History
You have not taken this quiz